Statistics for Recognition of Countries Quiz

Click here to take the quiz!

General Stats

  • This quiz has been taken 10 times
    (6 since last reset)
  • The average score is 7 of 15

Answer Stats

HintAnswer% Correct
Non-UN member that is recognized by exactly 1 UN memberNorthern Cyprus
67%
UN member in Europe that doesn't recognize North Korea (DPRK)France
67%
UN member that claims ArtsakhAzerbaijan
67%
UN member that doesn't recognize ArmeniaPakistan
67%
UN member that doesn't recognize CyprusTurkey
67%
UN member that doesn't recognize either China (PRC) or Taiwan (ROC)Bhutan
67%
UN member that doesn't recognize South Korea (ROK)North Korea
67%
UN member that recognizes 4 non-UN membersRussia
67%
UN observer recognized by every UN memberVatican City
67%
UN member other than Morocco that recognizes its (Morocco's) annexation of Western SaharaUnited States
33%
UN member that claims TransnistriaMoldova
33%
UN member with the least international recognitionIsrael
33%
UN observer that disputes a UN member's capitalPalestine
33%
UN member that withdrew recognition of Abkhazia and South OssetiaTuvalu
0%
UN member that withdrew recognition of Taiwan (ROC) on December 2021Nicaragua
0%

Score Distribution

Percentile by Number Answered

Percent of People with Each Score

Your Score History

You have not taken this quiz since the last reset